[Event "Titled Tuesday intern op 07th Jun Late"]
[Site "Chess.com INT"]
[Date "2022.06.07"]
[Round "4"]
[White "Ezat, Mohamed Mahmoud"]
[Black "Medeiros, Francisco de Assis"]
[Result "0-1"]
[WhiteElo "2389"]
[BlackElo "2074"]
[PlyCount "66"]
[EventDate "2022.06.07"]
[EventType "swiss (blitz)"]
[EventRounds "11"]
[EventCountry "USA"]
[SourceTitle "CBM 208 Extra"]
[Source "ChessBase"]
[SourceDate "2022.07.31"]
[SourceVersion "1"]
[SourceVersionDate "2022.07.31"]
[SourceQuality "1"]

1. d4 d5 2. c4 e6 3. Nc3 a6 4. Bf4 dxc4 5. e3 b5 6. a4 b4 7. Ne4 Bb7 8. Qc2 b3 9. Qb1 Bb4+ 10. Nc3 Nf6 11. Bg5 Bd5 12. Nf3 0-0 13. Bxf6 Qxf6 14. e4 Re8 15. exd5 exd5+ 16. Be2 c5 17. 0-0 Bxc3 18. bxc3 Rxe2 19. dxc5 Nd7 20. Nd4 Re4 21. c6 Nc5 22. Re1 Nd3 23. Rf1 Rae8 24. Nxb3 Qxc3 25. Na5 Qxa5 26. Qb7 Nc5 27. Qb2 Qc7 28. f3 Re2 29. Qd4 Qxc6 30. Rad1 Nd3 31. h3 h6 32. Kh2 Qd6+ 33. Kg1 Qg3 0-1

[Event "Titled Tuesday intern op 07th Jun Late"]
[Site "Chess.com INT"]
[Date "2022.06.07"]
[Round "6"]
[White "Fiedorek, Michal"]
[Black "Medeiros, Francisco de Assis"]
[Result "1-0"]
[WhiteElo "2321"]
[BlackElo "2074"]
[PlyCount "119"]
[EventDate "2022.06.07"]
[EventType "swiss (blitz)"]
[EventRounds "11"]
[EventCountry "USA"]
[SourceTitle "CBM 208 Extra"]
[Source "ChessBase"]
[SourceDate "2022.07.31"]
[SourceVersion "1"]
[SourceVersionDate "2022.07.31"]
[SourceQuality "1"]

1. d4 d5 2. c4 e6 3. Nf3 a6 4. cxd5 exd5 5. Nc3 c6 6. Bf4 Bd6 7. Bxd6 Qxd6 8. e3 Ne7 9. Bd3 0-0 10. 0-0 Bf5 11. Be2 Nd7 12. h3 Nf6 13. a3 Rfe8 14. Na4 Ne4 15. Qb3 Rab8 16. Qb4 Qc7 17. Rac1 Nc8 18. Nc5 Ncd6 19. Ne5 Qd8 20. a4 Qe7 21. a5 Qg5 22. Nf3 Qe7 23. Nd3 h6 24. Kh2 g5 25. Nfe5 f6 26. Nf3 Kg7 27. Nc5 h5 28. Nxe4 Bxe4 29. Nd2 Bg6 30. Bf3 Bd3 31. Rfe1 Bg6 32. g3 f5 33. Qb6 g4 34. Bxd5 Nc8 35. Qb3 cxd5 36. Qxd5 Qf7 37. Qc5 Qe7 38. Qd5 Na7 39. Rc5 Nc6 40. Rec1 f4 41. exf4 Qe2 42. Nf1 Qxf2+ 43. Kh1 Be4+ 44. Qxe4 Rxe4 45. Rg5+ Kf7 46. hxg4 hxg4 47. Rxg4 Ne7 48. Rh4 Nf5 49. Rh2 Kg6 50. Rxf2 Rh8+ 51. Rh2 Rxh2+ 52. Kxh2 Nxd4 53. Rc7 Re2+ 54. Kh3 Rxb2 55. Ne3 Rb3 56. Ng4 Nc6 57. Kh4 Nxa5 58. Ne5+ Kf5 59. Rf7+ Ke4 60. g4 1-0

[Event "Titled Tuesday intern op 07th Jun Late"]
[Site "Chess.com INT"]
[Date "2022.06.07"]
[Round "11"]
[White "Keller, Peter1111"]
[Black "Medeiros, Francisco de Assis"]
[Result "0-1"]
[WhiteElo "2377"]
[BlackElo "2074"]
[PlyCount "26"]
[EventDate "2022.06.07"]
[EventType "swiss (blitz)"]
[EventRounds "11"]
[EventCountry "USA"]
[SourceTitle "CBM 208 Extra"]
[Source "ChessBase"]
[SourceDate "2022.07.31"]
[SourceVersion "1"]
[SourceVersionDate "2022.07.31"]
[SourceQuality "1"]

1. e4 d5 2. exd5 Qxd5 3. Nc3 Qa5 4. Nf3 Nf6 5. d4 c6 6. Bc4 Bf5 7. Bd2 e6 8. Qe2 Qc7 9. Nh4 Bg6 10. 0-0-0 Nbd7 11. d5 cxd5 12. Nxd5 Nxd5 13. Bxd5 Qxc2# 0-1

[Event "Titled Tuesday intern op 07th Jun Late"]
[Site "Chess.com INT"]
[Date "2022.06.07"]
[Round "9"]
[White "Medeiros, Francisco de Assis"]
[Black "Goncalves, Davi Sulzbacher"]
[Result "0-1"]
[WhiteElo "2074"]
[BlackElo "2282"]
[PlyCount "100"]
[EventDate "2022.06.07"]
[EventType "swiss (blitz)"]
[EventRounds "11"]
[EventCountry "USA"]
[SourceTitle "CBM 208 Extra"]
[Source "ChessBase"]
[SourceDate "2022.07.31"]
[SourceVersion "1"]
[SourceVersionDate "2022.07.31"]
[SourceQuality "1"]

1. d4 Nf6 2. c4 g6 3. Nc3 Bg7 4. e4 0-0 5. Nf3 d6 6. Be2 e5 7. 0-0 Nc6 8. d5 Ne7 9. b4 Nh5 10. g3 f5 11. Ng5 Nf6 12. f3 a5 13. b5 h6 14. Ne6 Bxe6 15. dxe6 c6 16. Rb1 d5 17. bxc6 bxc6 18. cxd5 cxd5 19. Ba3 fxe4 20. fxe4 d4 21. Nd5 Nfxd5 22. exd5 Rxf1+ 23. Qxf1 Nxd5 24. Qf7+ Kh7 25. Bf3 Rc8 26. Rb7 Rc7 27. Rxc7 Nxc7 28. e7 Qd7 29. Be4 Qg4 30. Bf3 Qf5 31. Qxf5 gxf5 32. Bc6 d3 33. Bc1 e4 34. e8Q Nxe8 35. Bxe8 Bd4+ 36. Kf1 e3 37. Bb5 d2 38. Bxd2 exd2 39. Ke2 Bc3 40. Bd3 Kg6 41. g4 Kg5 42. Bxf5 h5 43. h3 h4 44. Kd1 Kf4 45. Kc2 Ke5 46. Bd3 Bb4 47. Kd1 Kf4 48. Kc2 Ke3 49. Bf5 Ke2 50. Bd3+ Ke1 0-1

[Event "Titled Tuesday intern op 07th Jun Late"]
[Site "Chess.com INT"]
[Date "2022.06.07"]
[Round "3"]
[White "Medeiros, Francisco de Assis"]
[Black "Manukian, Artak"]
[Result "1/2-1/2"]
[WhiteElo "2074"]
[BlackElo "2196"]
[PlyCount "89"]
[EventDate "2022.06.07"]
[EventType "swiss (blitz)"]
[EventRounds "11"]
[EventCountry "USA"]
[SourceTitle "CBM 208 Extra"]
[Source "ChessBase"]
[SourceDate "2022.07.31"]
[SourceVersion "1"]
[SourceVersionDate "2022.07.31"]
[SourceQuality "1"]

1. d4 Nf6 2. c4 g6 3. Nc3 Bg7 4. e4 d6 5. Nf3 0-0 6. Be2 e5 7. 0-0 Nc6 8. d5 Ne7 9. b4 a5 10. bxa5 Rxa5 11. Bd2 Ra8 12. a4 c5 13. Ne1 h5 14. Nd3 Kh7 15. f3 Bh6 16. Rb1 h4 17. Bxh6 Kxh6 18. f4 exf4 19. Rxf4 Kg7 20. Rxh4 Rh8 21. Qe1 g5 22. Rxh8 Qxh8 23. Qg3 Qh4 24. Qxd6 Ng6 25. Qxc5 Nxe4 26. Qd4+ Nf6 27. Qxh4 gxh4 28. Bf3 Bf5 29. Rd1 Rc8 30. Nb2 Ne5 31. Be2 h3 32. Nb5 Ne4 33. Bf3 Nxc4 34. Bxe4 Bxe4 35. Nxc4 Rxc4 36. Nd6 Rxa4 37. Nxe4 Rxe4 38. d6 Re8 39. Rb1 Rd8 40. Rxb7 Rxd6 41. gxh3 Rd1+ 42. Kg2 Rd2+ 43. Kg1 Rd1+ 44. Kg2 Rd2+ 45. Kg1 1/2-1/2